Josh's by Picture - Statistics

General Stats
  • This quiz has been taken 33 times
  • The average score is 3 of 8
Answer Stats
Picture Answer % Correct
Josh Allen
59%
Josh Brolin
48%
Josh Groban
45%
Josh Hutcherson
45%
Josh Peck
31%
Josh Gad
17%
Josh Radnor
10%
Josh Duhamel
7%
No matching quizzes found
Score Distribution
Percent of People with Each Score
Percentile by Number Answered
Your Score History
You have not taken this quiz